000 00682nam a2200241 a 4500
001 nice12345678
003 IN_TiNIC
005 20260116014616.0
008 050623s2005 seca grp 000 0 eng
020 _a
_c85
082 0 0 _a305.4
_bBAL
100 _aBalasubhramanyan, Vimal
245 _aThrough a Prism, Brightly; Conversation With Women on Religion, Spirituality and Communalism
260 _aSecunderabad
_bAsmita Resource Centre for Women
_c2005
300 _a107p.
500 _aincludes index and biblioraphy
505 2 _abibliography, index
650 _aFiction
700 1 _aBalasubhramanyan, Vimal
902 _bSRS
942 _cBK
999 _c16214
_d16214